000 00550nam a22002057a 4500
999 _c7779
_d7779
003 OSt
005 20220303113753.0
008 220303b ||||| |||| 00| 0 eng d
016 _29780071326193
040 _cDDC
082 _a658.1554 BLO , 2013
100 _aBLOCHER EDWARD J
_915849
245 _aCOST MANAGEMENT
_bA STRATEGIC EMPHASIS
250 _a6TH ED
260 _aNEWYORK
_bMC GRAW-HILL
_c2013
300 _aXXVI,929P.
_bILLCOL;
_c27CM
504 _aINCLUDES GLOSSARY AND INDEX
650 _aCOST MANAGEMENT
_915850
942 _2ddc
_cBOOK